| 000 | 01067nam a2200265 i 4500 | ||
|---|---|---|---|
| 001 | 61019 | ||
| 003 | ES-MaACL | ||
| 005 | 20231228203843.0 | ||
| 007 | t| | ||
| 008 | 031110m19831986ag |||| |dspa d | ||
| 080 | _a929 Sánchez-Albornoz, Claudio | ||
| 080 | _a946.0(082.2) | ||
| 245 | 0 | 0 | _aEstudios en homenaje a Don Claudio Sánchez Albornoz en sus 90 años. |
| 260 |
_aBuenos Aires : _bInstituto de Historia de España, _c1983-86. |
||
| 300 |
_a4 v. ; _c26 cm. |
||
| 490 | 1 | _aAnexos de Cuadernos de historia de España | |
| 594 | _aPrecede al tít.: Ministerio de Educación y Justicia, Universidad de Buenos Aires, Facultad de Filosofía y Letras. | ||
| 600 | 0 | 4 |
_aSánchez-Albornoz, Claudio, _d1893-1984- _vHomenajes _9102441 |
| 651 | 4 |
_aEspaña- _xHistoria. _98209 |
|
| 700 | 1 |
_aSánchez-Albornoz, Claudio, _d1893-1984 _9102440 |
|
| 710 | 2 |
_aUniversidad de Buenos Aires. _bInstituto de Historia de España. _9162611 |
|
| 830 | 1 |
_aAnexos de Cuadernos de historia de España _9230580 |
|
| 852 |
_aES-MaACL _jP-367 |
||
| 999 |
_c61019 _d61019 |
||